[Event "Deutsche Ländermeisterschaft 2013"]
[Site "Hannover GER"]
[Date "2013.10.05"]
[Round "6"]
[White "Sinnhöfer, Lilian"]
[Black "Bierfreund, Trine Maja"]
[Result "0-1"]
[Termination "normal"]
[Board "5.8"]
[WhiteTitle "12w"]
[BlackTitle "12w"]
[WhiteElo "972"]
[BlackElo "1253"]
[WhiteTeam "Bremen"]
[BlackTeam "Sachsen-Anhalt"]
[WhiteFideId "12977586"]
[BlackFideId "12957372"]
[EventCountry "GER"]
[EventRounds "7"]
[EventType "team-swiss"]
[EventDate "2013.10.02"]

1. e4 e5 2. Nf3 Nc6 3. Nc3 Bc5 4. Bb5 a6 5. Ba4 Nf6 6. Bb3 O-O 7. Nxe5 Bxf2+ 8.
Kxf2 Nxe5 9. h3 d6 10. d4 Ng6 11. Bg5 h6 12. Be3 Be6 13. Bxe6 fxe6 14. Ke2 Qd7
15. Kd2 Qc6 16. Kc1 Rad8 17. d5 exd5 18. exd5 Qc4 19. g4 Rde8 20. Qd4 Qxd4 21.
Bxd4 Ne4 22. b3 Nxc3 23. Bxc3 Re2 24. Kb2 Rff2 25. Rac1 Nf4 26. Bd4 Rg2 27. Ba7
Nd3+ 28. Kb1 Nxc1 29. Rxc1 Rh2 30. Bb8 Rd2 31. Bxc7 Rxd5 32. a4 Rxh3 33. Ka2
Rh4 34. Rg1 Rd4 35. Bb6 Rdxg4 36. Rxg4 Rxg4 37. Bc7 Rg6 38. c4 h5 39. b4 h4 40.
c5 dxc5 41. bxc5 Rc6 42. Bd8 Rxc5 43. Bxh4 Rc4 0-1

[Event "Deutsche Ländermeisterschaft 2013"]
[Site "Hannover GER"]
[Date "2013.10.05"]
[Round "6"]
[White "Günnigmann, Manuel"]
[Black "Zimmermann, Ulrich"]
[Result "1/2-1/2"]
[Termination "normal"]
[Board "6.1"]
[WhiteTitle "20"]
[BlackTitle "20"]
[WhiteElo "2140"]
[BlackElo "2271"]
[WhiteTeam "Niedersachsen 2"]
[BlackTeam "Württemberg"]
[WhiteFideId "24640360"]
[BlackFideId "24654523"]
[EventCountry "GER"]
[EventRounds "7"]
[EventType "team-swiss"]
[EventDate "2013.10.02"]

1. e4 e5 2. Nf3 Nc6 3. Bb5 a6 4. Ba4 Nf6 5. O-O Be7 6. Re1 b5 7. Bb3 d6 8. c3
O-O 9. d4 Bg4 10. d5 Na5 11. Bc2 c6 12. h3 Bc8 13. dxc6 Qc7 14. Nbd2 Qxc6 15.
Nf1 Be6 16. Ng5 Bd7 17. Ne3 Rfc8 18. Nd5 Bd8 19. Qd3 h6 20. Nf3 Be6 21. Nh2 Nb7
22. Qg3 Kf8 23. Nxf6 Bxf6 24. Ng4 Bxg4 25. Qxg4 b4 26. Re3 Na5 27. Rf3 bxc3 28.
b4 Nc4 29. Bxh6 d5 30. exd5 Qd6 31. Bg5 Nd2 32. Rg3 Rc4 33. Qh5 Rb8 34. Qh8+
Ke7 35. Qxg7 Bxg5 36. Rxg5 Rf8 37. Qxe5+ Qxe5 38. Rxe5+ Kd6 39. Re3 Rfc8 40. a3
Kxd5 41. Rd3+ Rd4 42. Rxd4+ Kxd4 43. f3 Kc4 44. Rd1 a5 45. bxa5 Ra8 46. Re1
Rxa5 47. Re7 Rxa3 48. Rxf7 Ra2 49. Bf5 Kd4 50. Rc7 Nc4 51. Be6 Ra4 52. Rd7+ Ke5
53. Bxc4 c2 54. Re7+ Kd4 55. Bf1 c1=Q 56. Re4+ Kd5 57. Rxa4 Qe3+ 58. Kh2 Qc1
59. Bd3 Qd1 60. Be4+ Ke6 61. Ra6+ Ke5 62. Ra5+ Kf4 63. Rf5+ Ke3 64. Kg3 Qd4 65.
Kg4 Kf2 66. Rd5 Qg7+ 67. Kh5 Qf7+ 68. Kg4 Qe6+ 69. Kf4 Qf7+ 70. Rf5 Qc7+ 71.
Kg5 Kxg2 72. h4 Kg3 73. Rd5 Qf4+ 74. Kg6 Qxh4 75. Rg5+ Kf2 76. Rf5 Ke3 77. Kf7
Qh7+ 78. Kf6 Qh6+ 79. Kf7 Qd6 80. Rd5 Qc7+ 81. Kf6 Qa7 82. Ke6 Qg7 83. Rf5 Qg6+
84. Ke7 Qg7+ 85. Ke6 Qg8+ 86. Ke7 1/2-1/2

[Event "Deutsche Ländermeisterschaft 2013"]
[Site "Hannover GER"]
[Date "2013.10.05"]
[Round "6"]
[White "Gibicar, Danijel"]
[Black "Kyas, Philipp"]
[Result "0-1"]
[Termination "normal"]
[Board "6.2"]
[WhiteTitle "18"]
[BlackTitle "18"]
[WhiteElo "2149"]
[BlackElo "2060"]
[WhiteTeam "Württemberg"]
[BlackTeam "Niedersachsen 2"]
[WhiteFideId "24660256"]
[BlackFideId "24670936"]
[EventCountry "GER"]
[EventRounds "7"]
[EventType "team-swiss"]
[EventDate "2013.10.02"]

1. e4 e5 2. Nf3 Nc6 3. Bb5 a6 4. Ba4 Nf6 5. d3 b5 6. Bb3 Be7 7. O-O d6 8. c3
O-O 9. Re1 Na5 10. Bc2 c5 11. Nbd2 Qc7 12. Nf1 Be6 13. Ng3 Rfd8 14. h3 Nc6 15.
Nh2 d5 16. Qf3 d4 17. Nf5 c4 18. cxd4 Bxf5 19. exf5 Nxd4 20. Qd1 Nxf5 21. Ng4
Nxg4 22. hxg4 Nd4 23. dxc4 Nb3 24. Bxh7+ Kxh7 25. Qxb3 Qxc4 26. Qxc4 bxc4 27.
Be3 Rd3 28. Rac1 Rc8 29. Re2 c3 30. bxc3 Ba3 31. Rcc2 Rcxc3 32. Rxc3 Rxc3 33.
g3 Kg6 34. Kg2 f6 35. Kf3 Bc1 36. Ke4 Bxe3 37. fxe3 Kg5 38. Kf3 Ra3 39. Rc2 g6
40. Rd2 Ra4 41. Rb2 e4+ 42. Kf2 Kxg4 43. Rc2 f5 44. Rb2 g5 45. Rc2 Ra3 46. Rb2
a5 47. Re2 a4 48. Rd2 Rc3 49. Rb2 a3 50. Rd2 Rc1 51. Kg2 Rb1 52. Rc2 Rb2 53.
Rf2 Rxf2+ 54. Kxf2 Kh3 0-1

[Event "Deutsche Ländermeisterschaft 2013"]
[Site "Hannover GER"]
[Date "2013.10.05"]
[Round "6"]
[White "Vöge, Tobias"]
[Black "Walter, Kevin"]
[Result "1/2-1/2"]
[Termination "normal"]
[Board "6.3"]
[WhiteTitle "16"]
[BlackTitle "16"]
[WhiteElo "1937"]
[BlackElo "1939"]
[WhiteTeam "Niedersachsen 2"]
[BlackTeam "Württemberg"]
[WhiteFideId "1270513"]
[BlackFideId "12906654"]
[EventCountry "GER"]
[EventRounds "7"]
[EventType "team-swiss"]
[EventDate "2013.10.02"]

1. c4 Nf6 2. g3 c5 3. Bg2 Nc6 4. Nc3 g6 5. d3 Bg7 6. e4 d6 7. Nge2 O-O 8. O-O
a6 9. f4 e6 10. h3 Ne8 11. Be3 Nd4 12. Bxd4 cxd4 13. Nb1 b5 14. Nd2 Rb8 15. Rb1
e5 16. Kh2 Nc7 17. Qc2 Ne6 18. f5 Nc5 19. b4 Nd7 20. g4 Nb6 21. c5 dxc5 22.
bxc5 Na4 23. Ng3 Bb7 24. Nb3 Rc8 25. Ne2 Bh6 26. Kg3 Qc7 27. h4 f6 28. fxg6
hxg6 29. Bh3 Nxc5 30. Nxc5 Qxc5 31. Qb3+ 1/2-1/2

[Event "Deutsche Ländermeisterschaft 2013"]
[Site "Hannover GER"]
[Date "2013.10.05"]
[Round "6"]
[White "Schmidt, Tobias"]
[Black "Rinck, Michael"]
[Result "0-1"]
[Termination "normal"]
[Board "6.4"]
[WhiteTitle "14"]
[BlackTitle "14"]
[WhiteElo "1932"]
[BlackElo "1830"]
[WhiteTeam "Württemberg"]
[BlackTeam "Niedersachsen 2"]
[WhiteFideId "1271683"]
[BlackFideId "24690104"]
[EventCountry "GER"]
[EventRounds "7"]
[EventType "team-swiss"]
[EventDate "2013.10.02"]

1. e4 e6 2. d4 d5 3. Nd2 Nf6 4. e5 Nfd7 5. Bd3 c5 6. c3 Nc6 7. Ne2 cxd4 8. cxd4
f6 9. Nf4 Nxd4 10. Qh5+ Ke7 11. exf6+ gxf6 12. Ng6+ hxg6 13. Qxh8 Ne5 14. Qh7+
Kd6 15. Qh3 Nxd3+ 16. Qxd3 e5 17. O-O Bf5 18. Qa3+ Ke6 19. Qa4 Bd3 20. Nb3 Nxb3
21. Qxb3 Bxf1 22. Kxf1 Qc7 23. Qh3+ f5 24. Bg5 Qc4+ 25. Kg1 Qg4 26. Qxg4 fxg4
27. Rc1 Bd6 28. f3 gxf3 29. gxf3 d4 30. Kf2 Kd5 31. Ke2 e4 32. fxe4+ Kxe4 33.
h4 Rf8 34. Rc4 b5 35. Rc6 d3+ 36. Ke1 Bb4+ 37. Bd2 Bxd2+ 38. Kxd2 Rf2+ 39. Kc1
Rc2+ 40. Rxc2 dxc2 41. Kxc2 Kf4 42. Kc3 Kg4 43. Kb4 Kxh4 44. Kxb5 g5 45. Ka6 g4
46. Kxa7 g3 47. b4 g2 48. b5 g1=Q+ 49. b6 Qa1 50. b7 Qxa2+ 51. Kb6 Qb3+ 52. Ka7
Qa4+ 53. Kb6 Qb4+ 54. Kc6 Kg5 55. Kc7 Qc5+ 56. Kd7 Qb6 57. Kc8 Qc6+ 58. Kb8 Kf6
59. Ka7 Qa4+ 60. Kb6 Qb4+ 0-1

[Event "Deutsche Ländermeisterschaft 2013"]
[Site "Hannover GER"]
[Date "2013.10.05"]
[Round "6"]
[White "Evers, Annika"]
[Black "Gaßmann, Linda"]
[Result "0-1"]
[Termination "normal"]
[Board "6.5"]
[WhiteTitle "20w"]
[BlackTitle "16w"]
[WhiteElo "1810"]
[BlackElo "1810"]
[WhiteTeam "Niedersachsen 2"]
[BlackTeam "Württemberg"]
[WhiteFideId "24691933"]
[BlackFideId "12900451"]
[EventCountry "GER"]
[EventRounds "7"]
[EventType "team-swiss"]
[EventDate "2013.10.02"]

1. d4 d5 2. Nf3 Nf6 3. e3 e6 4. Bd3 c5 5. b3 Nc6 6. O-O Bd6 7. Bb2 Qc7 8. c4
cxd4 9. exd4 b6 10. Nc3 Qd8 11. cxd5 exd5 12. Bb5 Bd7 13. Re1+ Ne7 14. Bxd7+
Qxd7 15. Ne5 Qb7 16. Nb5 Rd8 17. Nxd6+ Rxd6 18. Ba3 Re6 19. f4 Ne4 20. Qg4 g6
21. Rac1 Nf5 22. Qd1 f6 23. Nf3 Kf7 24. Qc2 Rd8 25. g4 Ne7 26. g5 Rc8 27. Qb2
Rec6 28. Rxc6 Rxc6 29. gxf6 Kxf6 30. Rxe4 Nf5 31. Re5 Qa6 32. Bb4 Qd3 33. Qe2
Qb1+ 34. Be1 Qa1 35. Re8 Kg7 36. Qe5+ Kh6 37. Qxd5 Rd6 38. Qe5 Qxa2 39. Re7
Qxb3 40. Rxh7+ Kxh7 41. Ng5+ Kg8 42. Qe8+ Kg7 43. Qe5+ Rf6 44. Qc7+ Kg8 45.
Qh7+ Kf8 46. Qh8+ Ke7 47. Qh7+ Ke8 48. Qh8+ Rf8 49. Qe5+ Ne7 50. Qb8+ Nc8 51.
Qxc8+ Ke7 52. Qc7+ Ke8 53. Qe5+ Kd7 54. Qg7+ Ke8 55. Qxg6+ Ke7 56. Qg7+ Ke8 57.
Qe5+ Kd7 58. Bf2 Qd1+ 59. Kg2 Re8 60. Qb5+ Kd8 61. Qd5+ Kc8 62. Qa8+ Kd7 63.
Qxa7+ Kc6 64. Kg3 Qd3+ 65. Kg2 Qd1 66. Qa3 Qg4+ 67. Qg3 Qf5 68. Qc3+ Kd6 69.
Qb4+ Kc7 70. Qc4+ Kb8 71. Qb3 Qg4+ 72. Qg3 Qf5 73. h3 b5 74. Qg4 Qd5+ 75. Qf3
Qc4 76. f5 b4 77. f6 b3 78. Qf4+ Kb7 79. Ne4 Qd5 80. f7 Rf8 81. Qf3 Ka7 82. Nc5
Qxf3+ 83. Kxf3 Rxf7+ 84. Ke3 b2 85. d5 b1=Q 0-1

[Event "Deutsche Ländermeisterschaft 2013"]
[Site "Hannover GER"]
[Date "2013.10.05"]
[Round "6"]
[White "Weber, Sandra"]
[Black "Phunhon Lopez, Daniel A."]
[Result "1-0"]
[Termination "normal"]
[Board "6.6"]
[WhiteTitle "16w"]
[BlackTitle "12"]
[WhiteElo "1782"]
[BlackElo "1764"]
[WhiteTeam "Württemberg"]
[BlackTeam "Niedersachsen 2"]
[WhiteFideId "1270049"]
[BlackFideId "12952567"]
[EventCountry "GER"]
[EventRounds "7"]
[EventType "team-swiss"]
[EventDate "2013.10.02"]

1. e4 c5 2. Nf3 e6 3. d4 cxd4 4. Nxd4 a6 5. Nc3 Qc7 6. Bd3 Nc6 7. Be3 Nf6 8.
O-O Ne5 9. h3 Bb4 10. Qd2 Bc5 11. Kh1 O-O 12. f4 Nxd3 13. cxd3 e5 14. fxe5 Qxe5
15. Rf5 Qe7 16. Rxc5 Qxc5 17. Ne6 Qe7 18. Nxf8 Kxf8 19. Rf1 Qe5 20. Qf2 Qh5 21.
Qf4 Kg8 22. Bd4 Ne8 23. Nd5 d6 24. Qg3 Qh6 25. Rf4 Be6 26. Nf6+ Nxf6 27. Rxf6
g6 28. a3 Rc8 29. Bc3 Qf8 30. d4 d5 31. e5 Qh6 32. Kh2 b6 33. Qd3 b5 34. Qd1
Rc4 35. Qe1 Qf8 36. Qh4 Rc8 37. Qg5 Re8 38. Bb4 Qg7 39. Bc5 h6 40. Qd2 Kh7 41.
Qa5 Ra8 42. Qc7 Kh8 43. Be7 Kh7 44. Qb7 Rc8 45. Bc5 g5 46. Rxe6 Rg8 47. Rf6 g4
48. Rxf7 g3+ 49. Kg1 Kg6 50. Rxg7+ Rxg7 51. Qxa6+ 1-0

[Event "Deutsche Ländermeisterschaft 2013"]
[Site "Hannover GER"]
[Date "2013.10.05"]
[Round "6"]
[White "Schlichter, Lisa"]
[Black "Degenhard, Simon"]
[Result "1/2-1/2"]
[Termination "normal"]
[Board "6.7"]
[WhiteTitle "16w"]
[BlackTitle "12"]
[WhiteElo "1664"]
[BlackElo "1713"]
[WhiteTeam "Niedersachsen 2"]
[BlackTeam "Württemberg"]
[WhiteFideId "12926396"]
[BlackFideId "12944017"]
[EventCountry "GER"]
[EventRounds "7"]
[EventType "team-swiss"]
[EventDate "2013.10.02"]

1. e4 c5 2. Nf3 e6 3. c3 d5 4. exd5 exd5 5. d4 Nc6 6. Be3 c4 7. g3 Bd6 8. Bg2
Nge7 9. O-O O-O 10. b3 b5 11. a4 Na5 12. Nbd2 a6 13. Qc2 Bf5 14. Qa2 Qd7 15.
Rfe1 Rfc8 16. bxc4 bxc4 17. Nh4 Be6 18. Qc2 Ng6 19. Nxg6 hxg6 20. Qd1 Rcb8 21.
Ra2 Rb6 22. Qe2 Rab8 23. Rc1 Nb3 24. Rd1 Nxd2 25. Qxd2 Rb1 26. Qe2 R8b3 27. Bd2
Qb7 28. Ra1 Bd7 29. Raxb1 Rxb1 30. Rxb1 Qxb1+ 31. Qe1 Qxe1+ 32. Bxe1 Bxa4 33.
Bxd5 Bb3 34. Bd2 Ba3 35. Bc6 a5 36. d5 f6 37. Bf4 Kf7 38. d6 a4 39. d7 Be7 40.
Bd6 Ke6 41. Ba3 Bd8 42. Kf1 Kf5 43. Ke2 Kg4 44. h4 Kf5 45. Bc5 Ke6 46. Ke3 Be7
47. Ba3 Bd8 48. Bc5 Bc7 1/2-1/2

[Event "Deutsche Ländermeisterschaft 2013"]
[Site "Hannover GER"]
[Date "2013.10.05"]
[Round "6"]
[White "Mütsch, Annmarie"]
[Black "Mönster, Madita"]
[Result "0-1"]
[Termination "normal"]
[Board "6.8"]
[WhiteTitle "12w"]
[BlackTitle "12w"]
[WhiteElo "1360"]
[BlackElo "1545"]
[WhiteTeam "Württemberg"]
[BlackTeam "Niedersachsen 2"]
[WhiteFideId "12971367"]
[BlackFideId "12947156"]
[EventCountry "GER"]
[EventRounds "7"]
[EventType "team-swiss"]
[EventDate "2013.10.02"]

1. e4 c5 2. c3 e6 3. d4 d5 4. e5 Nc6 5. Nf3 Qb6 6. Bd3 Bd7 7. Bc2 Nge7 8. b3
Ng6 9. Be3 Be7 10. Nbd2 O-O 11. O-O Rac8 12. Bxg6 hxg6 13. Rc1 Rfd8 14. Re1
cxd4 15. cxd4 Nb4 16. Rxc8 Rxc8 17. Qb1 Bb5 18. Rc1 Rxc1+ 19. Qxc1 Nxa2 20.
Qc8+ Kh7 21. Bg5 Ba3 22. Bh4 g5 23. Nxg5+ Kg6 24. Qg8 Kh5 25. Qh7+ Kg4 26. f3+
Kf4 27. Nh3+ Ke3 28. Bg5+ Ke2 29. Nf4+ Kd1 30. Qb1+ Nc1 31. Qa1 Qa5 32. Nh3 f6
33. exf6 gxf6 34. Bh6 e5 35. Be3 exd4 36. Nf2+ Ke1 37. Bh6 Qc3 38. Qxc3 dxc3
39. Nb1 Ne2+ 40. Kh1 Bb4 41. Nxc3 Bxc3 42. Ng4 f5 43. Ne3 Bd2 44. Nxf5 Bxh6 45.
Nxh6 d4 46. Nf5 d3 47. Ne3 Nd4 48. Kg1 d2 49. h4 Ke2 0-1

[Event "Deutsche Ländermeisterschaft 2013"]
[Site "Hannover GER"]
[Date "2013.10.05"]
[Round "6"]
[White "Frischmann, Rick"]
[Black "Bräuer, Franz"]
[Result "0-1"]
[Termination "normal"]
[Board "7.1"]
[WhiteTitle "20"]
[BlackTitle "20"]
[WhiteElo "2230"]
[BlackElo "2282"]
[WhiteTeam "Saarland"]
[BlackTeam "Thüringen"]
[WhiteFideId "24660752"]
[BlackFideId "24634468"]
[EventCountry "GER"]
[EventRounds "7"]
[EventType "team-swiss"]
[EventDate "2013.10.02"]

1. e4 c5 2. Nf3 d6 3. g3 Nf6 4. Qe2 e6 5. Bg2 Be7 6. O-O O-O 7. d4 cxd4 8. Nxd4
a6 9. c4 Qc7 10. Be3 Nc6 11. Nb3 Bd7 12. Nc3 Ne5 13. Nd2 Rac8 14. Rac1 Nxc4 15.
Ncb1 Bb5 16. Rfe1 Qa5 17. a4 Nxe3 18. Qxe3 Qxa4 19. Nc3 Qb4 20. Nxb5 Qxb5 21.
e5 dxe5 22. Rxc8 Rxc8 23. Qxe5 Qxe5 24. Rxe5 Rc2 0-1

[Event "Deutsche Ländermeisterschaft 2013"]
[Site "Hannover GER"]
[Date "2013.10.05"]
[Round "6"]
[White "Müller, Max"]
[Black "Zahn, Alina"]
[Result "1/2-1/2"]
[Termination "normal"]
[Board "7.3"]
[WhiteTitle "16"]
[BlackTitle "16w"]
[WhiteElo "1747"]
[BlackElo "1985"]
[WhiteTeam "Saarland"]
[BlackTeam "Thüringen"]
[WhiteFideId "12900486"]
[BlackFideId "24696730"]
[EventCountry "GER"]
[EventRounds "7"]
[EventType "team-swiss"]
[EventDate "2013.10.02"]

1. c4 e6 2. g3 d5 3. Bg2 Nf6 4. Nf3 Be7 5. O-O O-O 6. d4 dxc4 7. Qc2 a6 8. Qxc4
b5 9. Qc2 Bb7 10. Nbd2 Nbd7 11. b3 c5 12. dxc5 Bxc5 13. Bb2 Rc8 14. Qd3 Qb6 15.
e3 Rfd8 16. Qe2 Nd5 17. Rac1 Be7 18. Nd4 Nc5 19. Ne4 Nxe4 20. Bxe4 Nf6 21. Bxb7
Qxb7 22. Rxc8 Rxc8 23. Rc1 Rxc1+ 24. Bxc1 Qe4 25. f3 Qb1 26. Qb2 Qd3 27. Qd2
Qxd2 28. Bxd2 Nd5 29. Kf2 Kf8 30. Ke2 Ke8 31. e4 Nb6 32. f4 Kd7 33. Kd3 1/2-1/2

[Event "Deutsche Ländermeisterschaft 2013"]
[Site "Hannover GER"]
[Date "2013.10.05"]
[Round "6"]
[White "Nguyen, Huy Dat"]
[Black "Sonnhalter, Stella"]
[Result "1-0"]
[Termination "normal"]
[Board "7.4"]
[WhiteTitle "14"]
[BlackTitle "20w"]
[WhiteElo "1871"]
[BlackElo "1806"]
[WhiteTeam "Thüringen"]
[BlackTeam "Saarland"]
[WhiteFideId "12923486"]
[BlackFideId "4624815"]
[EventCountry "GER"]
[EventRounds "7"]
[EventType "team-swiss"]
[EventDate "2013.10.02"]

1. e4 c5 2. Nf3 Nc6 3. d4 cxd4 4. Nxd4 g6 5. c4 Bg7 6. Be3 Nf6 7. Nc3 O-O 8.
Be2 d6 9. O-O Bd7 10. Qd2 Nxd4 11. Bxd4 Bc6 12. f3 Qd7 13. b4 Qc7 14. Rac1 b6
15. Nd5 Bxd5 16. cxd5 Qd7 17. Ba6 e6 18. Rfd1 exd5 19. Bxf6 Bxf6 20. Qxd5 Be5
21. Qxe5 Qa4 22. Qb5 Qxa2 23. Qc4 1-0

[Event "Deutsche Ländermeisterschaft 2013"]
[Site "Hannover GER"]
[Date "2013.10.05"]
[Round "6"]
[White "Müller, Sophie"]
[Black "Scheftlein, Richard"]
[Result "0-1"]
[Termination "normal"]
[Board "7.5"]
[WhiteTitle "14w"]
[BlackTitle "16"]
[WhiteElo "1444"]
[BlackElo "1915"]
[WhiteTeam "Saarland"]
[BlackTeam "Thüringen"]
[WhiteFideId "12926698"]
[BlackFideId "12945609"]
[EventCountry "GER"]
[EventRounds "7"]
[EventType "team-swiss"]
[EventDate "2013.10.02"]

1. c4 e5 2. Nc3 Nf6 3. g3 d5 4. cxd5 Nxd5 5. Bg2 Nb6 6. Nf3 Nc6 7. O-O Be7 8.
d3 O-O 9. a3 Re8 10. b4 Bf8 11. Bb2 a5 12. b5 Nd4 13. a4 Bg4 14. Nd2 Bb4 15. f3
Be6 16. Re1 Qe7 17. e3 Nf5 18. Nce4 f6 19. Bc3 Bc5 20. Nf1 Rad8 21. Bxa5 Ba3
22. Bxb6 cxb6 23. g4 Nh4 24. Nfg3 Bb4 25. Re2 Bc4 26. Nf2 Qf7 27. Rb1 Ba5 28.
Reb2 Bc3 29. Re2 Ba5 30. Reb2 Qg6 31. Bf1 f5 32. e4 fxg4 33. Nxg4 Bc3 34. Rc2
Bd4+ 35. Nf2 Be6 36. Kh1 Qf7 37. Bg2 Bb3 38. Rxb3 Qxb3 39. Rd2 Qxd1+ 40. Nxd1
Ra8 41. Ra2 Rec8 42. Ne2 Rf8 43. f4 Rad8 44. f5 g6 45. fxg6 hxg6 46. Nxd4 Rxd4
47. Nf2 Kf7 48. Kg1 Ke7 49. Ra1 Kd6 50. Bf1 Ra8 51. Nd1 Rdxa4 52. Rxa4 Rxa4 53.
Kf2 Rb4 54. Nc3 Rb3 55. Nd5 Rxb5 56. Kg3 g5 57. Kg4 Rb1 58. Ne3 b5 59. Bh3 Rg1+
60. Kh5 Nf3 0-1

[Event "Deutsche Ländermeisterschaft 2013"]
[Site "Hannover GER"]
[Date "2013.10.05"]
[Round "6"]
[White "Riedel, Erich"]
[Black "Bureik, Nicolas"]
[Result "1/2-1/2"]
[Termination "normal"]
[Board "7.6"]
[WhiteTitle "12"]
[BlackTitle "12"]
[WhiteElo "1739"]
[BlackElo "1299"]
[WhiteTeam "Thüringen"]
[BlackTeam "Saarland"]
[WhiteFideId "12958646"]
[BlackFideId "12971863"]
[EventCountry "GER"]
[EventRounds "7"]
[EventType "team-swiss"]
[EventDate "2013.10.02"]

1. e4 d5 2. exd5 Qxd5 3. Nc3 Qd6 4. d4 Nf6 5. Nf3 a6 6. g3 Bg4 7. h3 Bh5 8. Bg2
c6 9. O-O e6 10. a3 Qc7 11. g4 Bg6 12. Ne5 Bd6 13. Re1 Nbd7 14. f4 O-O-O 15.
Be3 Rdf8 16. Qd2 Ne8 17. Ne4 Be7 18. Nf2 f6 19. Nxg6 hxg6 20. Nd3 Bd6 21. Bf2
e5 22. dxe5 fxe5 23. fxe5 Nxe5 24. Nxe5 Bxe5 1/2-1/2

[Event "Deutsche Ländermeisterschaft 2013"]
[Site "Hannover GER"]
[Date "2013.10.05"]
[Round "6"]
[White "Recktenwald, Cedric"]
[Black "Ratay, Meike"]
[Result "0-1"]
[Termination "normal"]
[Board "7.7"]
[WhiteTitle "12"]
[BlackTitle "12w"]
[WhiteElo "1258"]
[BlackElo "1496"]
[WhiteTeam "Saarland"]
[BlackTeam "Thüringen"]
[WhiteFideId "12971928"]
[BlackFideId "12977608"]
[EventCountry "GER"]
[EventRounds "7"]
[EventType "team-swiss"]
[EventDate "2013.10.02"]

1. e4 e5 2. Nf3 Nc6 3. Bc4 Bc5 4. c3 Nf6 5. d4 exd4 6. cxd4 Bb4+ 7. Bd2 Bxd2+
8. Nbxd2 d5 9. exd5 Nxd5 10. Qb3 Nce7 11. O-O O-O 12. Rfe1 c6 13. a4 Re8 14.
Ne5 h6 15. a5 Qc7 16. a6 b5 17. Bd3 Be6 18. Qa3 Red8 19. Rac1 Qd6 20. Qxd6 Rxd6
21. Ne4 Rdd8 22. Nxc6 Nxc6 23. Rxc6 Nb4 24. Rc3 Rab8 25. Nc5 Rxd4 26. Nxe6 Rxd3
27. Nc5 Rxc3 28. bxc3 Nd5 29. Rc1 Rc8 30. Ne4 Rc6 31. Ra1 Nxc3 32. Rc1 Ne2+ 33.
Kf1 Nxc1 0-1

[Event "Deutsche Ländermeisterschaft 2013"]
[Site "Hannover GER"]
[Date "2013.10.05"]
[Round "6"]
[White "Nguyen, Ha Thanh"]
[Black "Weiten, Teresa"]
[Result "1-0"]
[Termination "normal"]
[Board "7.8"]
[WhiteTitle "12w"]
[BlackTitle "12w"]
[WhiteElo "1550"]
[BlackElo "976"]
[WhiteTeam "Thüringen"]
[BlackTeam "Saarland"]
[WhiteFideId "12942154"]
[BlackFideId "12971944"]
[EventCountry "GER"]
[EventRounds "7"]
[EventType "team-swiss"]
[EventDate "2013.10.02"]

1. e4 e5 2. Nf3 Nc6 3. Bc4 Nf6 4. d3 Bc5 5. c3 O-O 6. O-O d6 7. Bg5 Bg4 8. Nbd2
Qe7 9. Bb3 b5 10. h3 Bd7 11. Re1 a5 12. Nf1 a4 13. Bc2 Qe6 14. b3 Ne7 15. d4
axb3 16. Bxb3 d5 17. dxc5 c6 18. exd5 cxd5 19. Rxe5 Qc6 20. Rxe7 Be6 21. Bxf6
gxf6 22. Qd4 Bf5 23. Ng3 Bg6 24. Bxd5 Qa6 25. Bxa8 Rxa8 26. Rae1 Qc6 27. Qd6
Qxd6 28. cxd6 Rd8 29. Re8+ Rxe8 30. Rxe8+ Kg7 31. d7 f5 32. d8=Q f4 33. Rg8+
Kh6 34. Qg5# 1-0

[Event "Deutsche Ländermeisterschaft 2013"]
[Site "Hannover GER"]
[Date "2013.10.05"]
[Round "6"]
[White "Hahn, Markus"]
[Black "Kololli, Martin"]
[Result "0-1"]
[Termination "normal"]
[Board "8.1"]
[WhiteTitle "20"]
[BlackTitle "14"]
[WhiteElo "2239"]
[BlackElo "1988"]
[WhiteTeam "Hessen"]
[BlackTeam "Team Nord"]
[WhiteFideId "24654647"]
[BlackFideId "12936910"]
[EventCountry "GER"]
[EventRounds "7"]
[EventType "team-swiss"]
[EventDate "2013.10.02"]

1. d4 Nf6 2. c4 e6 3. g3 c5 4. Nf3 cxd4 5. Nxd4 Bb4+ 6. Bd2 Qb6 7. Bxb4 Qxb4+
8. Qd2 Qxc4 9. e4 Qc5 10. Nc3 O-O 11. Rc1 Qe7 12. e5 Nd5 13. Nxd5 exd5 14. Nf3
Nc6 15. Qxd5 Re8 16. Be2 d6 17. Qxd6 Qxd6 18. exd6 Bg4 19. Kd2 Rad8 20. Rc3
Rxd6+ 21. Rd3 Rxe2+ 22. Kxe2 Rxd3 23. Kxd3 Bxf3 24. Re1 f6 25. Re8+ Kf7 26. Rh8
Ne5+ 27. Ke3 h6 28. b3 a6 29. Rb8 g5 30. h3 h5 31. Rc8 Bc6 32. Rh8 Kg7 33. Rc8
Nf7 34. Rc7 Kg6 35. Ke2 Nd6 36. Kd3 Ne4 37. Ke3 Nc3 0-1

[Event "Deutsche Ländermeisterschaft 2013"]
[Site "Hannover GER"]
[Date "2013.10.05"]
[Round "6"]
[White "Celmer, Ole"]
[Black "Baskin, Robert"]
[Result "0-1"]
[Termination "normal"]
[Board "8.2"]
[WhiteTitle "20"]
[BlackTitle "14"]
[WhiteElo "1908"]
[BlackElo "2138"]
[WhiteTeam "Team Nord"]
[BlackTeam "Hessen"]
[WhiteFideId "24657107"]
[BlackFideId "24662402"]
[EventCountry "GER"]
[EventRounds "7"]
[EventType "team-swiss"]
[EventDate "2013.10.02"]

1. e4 c5 2. c3 d5 3. exd5 Qxd5 4. d4 Nf6 5. Nf3 Nc6 6. dxc5 Qxc5 7. Na3 Ng4 8.
Qe2 Bf5 9. h3 Bd3 10. Qxd3 Qxf2+ 11. Kd1 Rd8 12. Qxd8+ Kxd8 13. hxg4 e5 14. Nc4
Qg3 15. Bd2 Qxg4 16. Rh4 Qe6 17. Bd3 Be7 18. Ng5 Bxg5 19. Bxg5+ f6 20. Bd2 Qd5
21. Kc2 Kc7 22. Ne3 Qd7 23. Bf5 Qf7 24. Be4 Ne7 25. b3 Qe6 26. Rf1 h6 27. Rg4
g5 28. Bd3 Rd8 29. Rc4+ Kb8 30. Be4 b5 31. Rb4 Qd7 32. Nc4 a5 33. Nxa5 Qxd2+
34. Kb1 Qe2 35. Rc1 Rd2 36. Bc2 Nd5 37. c4 0-1

[Event "Deutsche Ländermeisterschaft 2013"]
[Site "Hannover GER"]
[Date "2013.10.05"]
[Round "6"]
[White "Galkin, Wladislaw"]
[Black "Beeck, Mats"]
[Result "1-0"]
[Termination "normal"]
[Board "8.3"]
[WhiteTitle "18"]
[BlackTitle "16"]
[WhiteElo "2088"]
[BlackElo "1832"]
[WhiteTeam "Hessen"]
[BlackTeam "Team Nord"]
[WhiteFideId "4603192"]
[BlackFideId "12936944"]
[EventCountry "GER"]
[EventRounds "7"]
[EventType "team-swiss"]
[EventDate "2013.10.02"]

1. c4 e5 2. g3 Nf6 3. Bg2 d5 4. cxd5 Nxd5 5. Nc3 Nb6 6. Nf3 Nc6 7. O-O Be7 8.
a3 O-O 9. d3 Be6 10. b4 f6 11. Be3 Nd5 12. Nxd5 Bxd5 13. Rc1 Qd7 14. Bc5 Bxc5
15. Rxc5 Ne7 16. Nd2 Bxg2 17. Kxg2 c6 18. Qb3+ Kh8 19. Rfc1 Nf5 20. Nf3 Rac8
21. a4 a6 22. Qc3 Ne7 23. Qb3 Rfd8 24. Kg1 Nf5 25. Qc2 Ne7 26. Nh4 Qe6 27. Qc4
Qxc4 28. R5xc4 Kg8 29. Nf3 Kf7 30. Nd2 Ke6 31. Ne4 g6 32. a5 f5 33. Nd2 b5 34.
Rh4 h6 35. Nb3 Kf6 36. Nc5 Ra8 37. f4 exf4 38. Rxf4 g5 39. Rf3 Rd4 40. Rb1 Nd5
41. e4 Nxb4 42. Rxf5+ Kg6 43. Rbf1 Nxd3 44. Rf6+ Kh7 45. Nxd3 Rxd3 46. Rxc6 Re3
47. Rf7+ Kg8 48. Rb7 Rxe4 49. Rg6+ Kh8 50. Rxh6+ Kg8 51. Rg6+ Kf8 52. Rxg5 Re7
53. Rg8+ Kxg8 54. Rxe7 Rc8 55. Re6 b4 56. Rxa6 b3 57. Rb6 Ra8 58. a6 Kg7 59.
Kg2 b2 60. Rxb2 Rxa6 61. Rb5 Kg6 62. Kh3 Ra4 63. g4 Rc4 64. Kh4 Rc8 65. Rb6+
Kg7 66. h3 Rc5 67. g5 Rc3 68. Kg4 Rc1 69. h4 Rc8 70. Rb7+ Kh8 71. Kh5 Rd8 72.
g6 Ra8 73. Kh6 Rc8 74. h5 Ra8 75. Rb5 Rc8 76. Kg5 1-0